000 00400nam a22001817a 4500
999 _c11300
_d11300
003 OSt
008 220610b ||||| |||| 00| 0 eng d
020 _a9789388934343
082 _a005.4 RAC
100 _aS, Sudha Rani
245 _aCompiler Design
260 _aNew Delhi
_bWiley
_c2019
300 _a738
650 _aCSE
700 _aM, Karthi
700 _aY, Rajkumar
942 _2ddc
_cBK